00517 2200193 4500245006700000020002200067250001100089100002000100700002000120700001200140650001700152650001000169005001900179260006500198041001400263084001100277300002600288336000900314 aMENGENAL MEDIA SOSIAL AGAR TAK MENYESALcIntan YanuaritahText a978-602-437-294-1 aCet. 1 aIntan Yanuarita aLuh Anik Mayani aWiranto aMedia Sosial aEbook a20241105100100 aJakarta TimurbBadan Pengembangan dan Pembinaan Bahasac2018 aIndonesia a070.17 avi, 51 hlm. :c21 cm. atext